000 00790nam a2200253 a 4500
001 29886
003 BD-RjUL
005 20211209051457.0
008 140408s1951 enka b 001 0 eng d
035 _a(BD-RjUL)29971
040 _aDLC
_cDMM
_dBD-RjUL
_beng
041 _aeng
082 _a153
_bHUT 1951
100 1 _aHumphrey, George,
_db. 1889.
_990929
245 1 0 _aThinking :
_ban introduction to its experimental psychology /
_cGeorge Humphrey.
260 _aLondon :
_bMethuen ;
_aNew York :
_bWiley,
_c1951.
300 _axi, 331 p. :
_bill. ;
_c23 cm
504 _aBibliography: p. 316-324. - Includes index.
650 0 _aPsychophysiology.
_990930
830 0 _aMethuen's manuals of modern psychology
_988688
942 _2ddc
_cBK
999 _c29886
_d29886